Search the Library Catalogue
| 000 -LEADER | |
|---|---|
| fixed length control field | 01573nam a2200169Ia 4500 |
| 008 - FIXED-LENGTH DATA ELEMENTS--GENERAL INFORMATION | |
| fixed length control field | 250728s9999 xx 000 0 und d |
| 020 ## - INTERNATIONAL STANDARD BOOK NUMBER | |
| ISBN | 9780812976656 |
| 082 ## - DEWEY DECIMAL CLASSIFICATION NUMBER | |
| Classification number | 947.0853 |
| Item number | LEE |
| 100 ## - MAIN ENTRY--AUTHOR NAME | |
| Personal name | Lee, Andrea |
| 245 #0 - TITLE STATEMENT | |
| Title | Russian Journal |
| 260 ## - PUBLICATION, DISTRIBUTION, ETC. (IMPRINT) | |
| Name of publisher | Random House Trade Paperbacks |
| Year of publication | 2006 |
| 300 ## - PHYSICAL DESCRIPTION | |
| Number of Pages | 253 pages |
| 500 ## - GENERAL NOTE | |
| General note | “A subtly crafted reflection of both the bleak and golden shadings of Russian life . . . Its tones belong more to the realm of poetry than journalism.” –The New York Times Book Review At age twenty-five, Andrea Lee joined her husband, a Harvard doctoral candidate in Russian history, for his eight months’ study at Moscow State University and an additional two months in Leningrad. Published to enormous critical acclaim in 1981, Russian Journal is the award-winning author’s penetrating, vivid account of her everyday life as an expatriate in Soviet culture, chronicling her fascinating exchanges with journalists, diplomats, and her Soviet contemporaries. The winner of the Jean Stein Award from the National Academy of Arts and Letters–and the book that launched Lee’s career as a writer–Russian Journal is a beautiful and clear-eyed travel-writing classic. “[Lee] takes us wherever she is, conveying a feeling of place and atmosphere that is the mark of real talent.” –The Washington Post Book World “A book of very great charm . . . [Lee] records what she saw and heard with unassuming delicacy and exactness.” –Newsweek |
| 650 ## - SUBJECT ADDED ENTRY--TOPICAL TERM | |
| Topical Term | Biography & Autobiography |
| 942 ## - ADDED ENTRY ELEMENTS (KOHA) | |
| Koha item type | English Books |
| Withdrawn status | Lost status | Damaged status | Not for loan | Home library | Current library | Shelving location | Date acquired | Full call number | Accession Number | Price effective from | Koha item type |
|---|---|---|---|---|---|---|---|---|---|---|---|
| Anna Centenary Library | Anna Centenary Library | 7TH FLOOR, B WING | 28.07.2025 | 947.0853 LEE | 506326 | 28.07.2025 | English Books |